Score 0/20 Timer 04:00
0 Plays Today
% Correct
Germany
96%
Canada
95.4%
United Kingdom
95.4%
United States
95.4%
Russia
94.3%
France
93.7%
Japan
92.6%
China
92%
Australia
90.3%
Italy
88%
% Correct
Brazil
85.7%
India
82.3%
South Korea
79.4%
South Africa
78.9%
Mexico
74.9%
European Union
74.3%
Argentina
73.7%
Turkey
73.7%
Saudi Arabia
68%
Indonesia
64.6%
Remove Ads.
Support Sporcle.
Get the best of Sporcle when you Go Orange. This ad-free experience offers more features, more stats, and more fun while also helping to support Sporcle. Thank you for becoming a member.

You're not logged in!

Compare scores with friends on all Sporcle quizzes.
OR
Log In

Show Comments

Extras

Top Quizzes Today


Score Distribution

Your Account Isn't Verified!

In order to create a playlist on Sporcle, you need to verify the email address you used during registration. Go to your Sporcle Settings to finish the process.

Report this User

Report this user for behavior that violates our Community Guidelines.

Details: